| 000 -LEADER |
| fixed length control field |
00825nam a22001577a 4500 |
| 003 - CONTROL NUMBER IDENTIFIER |
| control field |
OSt |
| 005 - DATE AND TIME OF LATEST TRANSACTION |
| control field |
20151112104659.0 |
| 008 - FIXED-LENGTH DATA ELEMENTS--GENERAL INFORMATION |
| fixed length control field |
151112b xxu||||| |||| 00| 0 eng d |
| 040 ## - CATALOGING SOURCE |
| Transcribing agency |
RUA |
| 082 ## - DEWEY DECIMAL CLASSIFICATION NUMBER |
| Classification number |
FOR SOM 2004 B130 Or.1 |
| 100 ## - MAIN ENTRY--PERSONAL NAME |
| 9 (RLIN) |
3591 |
| Personal name |
SOM, NISETH. |
| 245 ## - TITLE STATEMENT |
| Title |
study on the impact of forest fire on biodiversity in kulen-promtep wildlife sanctuary in preah vihear province (សិក្សាពីហេតុប៉ះពាល់ទៅលើជីវចំរុះដែលបណ្តាលមកពីភ្លើងឆេះព្រៃក្នុងដែនជំរកសត្វព្រៃគូលែន ព្រហ្មទេពស្ថិតក្នុងខេត្តព្រះវិហារ) |
| 260 ## - PUBLICATION, DISTRIBUTION, ETC. (IMPRINT) |
| Place of publication, distribution, etc. |
Phnom Penh |
| Name of publisher, distributor, etc. |
RUA |
| Date of publication, distribution, etc. |
2004 |
| 300 ## - PHYSICAL DESCRIPTION |
| Extent |
viii, 42p. |
| Other physical details |
ill. |
| Dimensions |
29cm. |
| 942 ## - ADDED ENTRY ELEMENTS (KOHA) |
| Source of classification or shelving scheme |
|
| Koha item type |
FOR |